000
00262nam a2200109Ia 4500
008
190907s9999||||xx |||||||||||||| ||und||
100
_a
David A.
245
0
_a
Developming Management Skills
260
_a
USA
_b
Addison - Wesley
_c
1995
300
_a
775
942
_c
BK
999
_c
6558
_d
6558